000 01133 a2200241 4500
005 20080910150045.0
008 080910t xxu||||| |||| 00| 0 hin d
010 _aHIN-79490
020 _a8181661753
_c100.00
035 _aHN-51836
037 _bD.B.Act / pub
082 _a821
100 _aचक्रवर्ती, निर्मल कुमार
245 _aनदी नहीं लौटी घर
_cनिर्मल कुमार चक्रवर्ती
246 _aNadi nahin lauti ghar
_bby Nirmal Kumar Chakraborty
260 _aदिल्ली
_bमेधा बुक्स
_c2006
270 _aएक्स-11, नवीन शाहदरा
_bदिल्ली
_e110032
_k22323672
_mmedhabooks@rediffmail.com
300 _a96पृ
_c22 सेमी (सजिल्द)
650 _aहिन्दी कविताएँ
650 _aHindi Poeam
942 _adpl
_cHN
_k821 / चक्रव
_2ddc
_h821
_m चक्रव
999 _c2843
_d2843